000 00708nam a22002297a 4500
005 20251108173053.0
008 250721s2003 xx 000 0 ara d
020 _a9775981042
082 1 4 _aب د/337.1/ شيف
100 1 _aشيف، موريس
245 1 0 _aالتكامل الإقليمي و التنمية /
264 1 _aواشنطن :
_bالبنك الدولي،
_c2003.
300 _a297 ص
650 1 7 _aالتجارة
650 1 7 _aالإقليمية
650 1 7 _aالسياسة التجارية
650 1 7 _aالتجارة الحرة
650 1 7 _aالعلاقات الإقتصادية الدولية
700 1 _aوينترز، ول ألن
942 _2ddc
_cBK
999 _c95383
_d95383